| 000 | 004960000a22001930004500 | ||
|---|---|---|---|
| 003 | LK-CoMWRAF | ||
| 005 | 20230924074017.0 | ||
| 008 | 230817t1979 ||||| |||| 00| 0 eng d | ||
| 040 |
_aLK-CoMWRAF _dLK-CoMWRAF _eLK-CoMWRAF |
||
| 041 | _aeng | ||
| 082 |
_a297.352 _bGHA |
||
| 100 | _aGhazanfar, Mahmud Ahmad | ||
| 100 | _aSiddiq, Muhammad Saeed | ||
| 245 | _aTa'lim-Ul-Hajj | ||
| 260 |
_aPakistan : _bKazi publications _c1979 |
||
| 300 | _a95 p ; 22 cm. | ||
| 650 | _aIslam-Hajj | ||
| 942 | _cBK | ||
| 999 |
_c1242 _d1242 |
||